000 00865nam a2200217Ia 4500
003 Ost
005 20260507075114.0
008 260507s9999||||xx |||||||||||||| ||und||
020 _a9957060201
040 _cfsecg
041 _aara
082 _a330
100 _aالسرطاوي، فؤاد عبد اللطيف
_eمؤلف
245 0 _aالتمويل الإسلامي ودور القطاع الخاص /
_c فؤاد عبد اللطيف السرطاوي
260 _aعمان:
_bدار المسيرة للنشر والتوزيع,
_c1999
300 _a320 صفحة؛
_c24 سم
504 _aببليوغرافيا:ص.313-320
520 _aالمال والبنوك الإسلامية،التمويل،عقود التبرع والارتفاق،عقود التمويل الاستثماري
653 _aالاقتصاد الاسلامي
942 _cكتاب
999 _c42966
_d42966